000
00259nam a2200109Ia 4500
005
20251222113744.0
008
251222s1900||||xx |||||||||||||| ||spa||
082
_a
DVD0060 A43/1985
245
0
_a
La rosa purpura del Cairo
264
_b
Orion Pictures
942
_c
DVD
999
_c
716
_d
716